Memorias y documentos para la historia de la independencia del Perú, y causas del mal éxito que ha tenido ésta
Gespeichert in:
| Hauptverfasser: | , |
|---|---|
| Format: | Buch |
| Sprache: | Spanisch |
| Veröffentlicht: |
París
Librería de Garnier Hermanos, Sucesores de D. V. Salvá, calle de Saints-Pères, N§ 6
1858
|
| Ausgabe: | 1a. ed |
| Schlagworte: | |
| Tags: |
Tag hinzufügen
Keine Tags, Fügen Sie den ersten Tag hinzu!
|
MARC
| LEADER | 00000nam a2200000 a 4500 | ||
|---|---|---|---|
| 001 | UCJ6126 | ||
| 003 | CL-VaPUC | ||
| 008 | 070124e18580000FR |||||||||||||||||spa|d | ||
| 082 | 0 | 4 | |a 985 |b RIV |2 21 |
| 100 | 0 | |a Riva Agüero, José de la |e author |9 430971 | |
| 700 | 0 | |a Pruvonena, P |e author |9 512413 | |
| 245 | 1 | 0 | |a Memorias y documentos para la historia de la independencia del Perú, y causas del mal éxito que ha tenido ésta |
| 246 | 1 | 0 | |a Obra póstuma de P. Pruvonena |
| 250 | |a 1a. ed | ||
| 300 | |a 2 v | ||
| 942 | |c BK | ||
| 945 | |d 20070124 00:00:00 |a rinostro | ||
| 260 | |a París |b Librería de Garnier Hermanos, Sucesores de D. V. Salvá, calle de Saints-Pères, N§ 6 |c 1858 | ||
| 500 | |a Epígrafe, en latín, tomado de Tácito, Historias | ||
| 500 | |a Vol. I: 8§.- h. en b.- Anteport.: Memorias y Documentos para la Historia de la Independencia del Perú, y causas del mal éxito que ha tenido ésta.- v.: Advertencia (pleca) nota del editor.- (bajo un filete) Saint-Cloud.- Imprenta de la viuda de Belin.- Port.- v. en b.- Prólogo | ||
| 500 | |a Vol. II: 8§.- h. en b.- Anteport.: id vol. I.- v.: (bajo filete) id vol. I.- Port.- v. en b.- Se ha ingresado por Riva Agüero y no por el pseudónimo P. Pruvonena con el objeto de que las obras de un mismo autor queden juntas | ||
| 650 | 0 | |a Independencia |9 344246 | |
| 650 | 7 | |a HACIENDA |2 CL-VaPUC |9 342348 | |
| 650 | 0 | |a Presidentes |9 255176 | |
| 650 | 0 | |a Monarquía |9 255259 | |
| 650 | 7 | |a CONFEDERACION PERU-BOLIVIANA |2 CL-VaPUC |9 436738 | |
| 650 | 0 | |a Fuentes Históricas |9 265141 | |
| 651 | 0 | |a Perú |9 256567 | |
| 583 | |a last modification |c 20130925 06:19:45 |k Rodrigo Vera | ||
| 999 | |c 322234 |d 322232 | ||
| 952 | |0 0 |1 0 |4 0 |6 985_000000000000000_RIV_1858 |7 0 |8 X |9 401176 |a FDOBUD |b FDOBUD |d 2019-11-22 |h v.1 |i 104401K |o 985 RIV 1858 |p 104401K |r 2019-11-22 |w 2019-11-22 |y BK_X |k BUD | ||
| 952 | |0 0 |1 0 |4 0 |6 985_000000000000000_RIV_1858 |7 0 |8 X |9 401177 |a FDOBUD |b FDOBUD |d 2019-11-22 |h v.2 |i 1044028 |o 985 RIV 1858 |p 1044028 |r 2019-11-22 |w 2019-11-22 |y BK_X |k BUD | ||